000
00277nam a2200097Ia 4500
008
120527s9999 xx 000 0 und d
100
_a
AKINYELE,K.David
245
_a
Principles of practice of management in healthcare services.
260
_b
theraupetic environment
942
_c
BK
999
_c
23598
_d
23598